如意金箍棒

資料類型: Book 圖書   書目號:55782

Leader xxxxxxxxxx
001 __ PCLIS00055782
005 __ 20220309120553.0
010 0_ |a978-986-499-041-2|b精裝|dNT$300
100 __ |a20220129d2022    d  y0chiy09      e
101 0_ |achi
102 __ |atw
105 __ |aa   z   000yy
200 1_ |a如意金箍棒|f安東旭等編寫|g吳承恩原著 ; 胡志明等繪
205 __ |a初版
210 __ |a臺北市|c龍少年出版|c龍圖騰文化發行|a新北市汐止區|c聯寶國際文化總經銷|d2019.04[民108]
215 0_ |a30面|c彩圖|d24公分
225 2_ |a繪本西遊記|v2
225 1_ |a繪本館|vNCP009
333 __ |a適讀年齡: 9歲以上
410 _1 |12001 |a繪本西遊記|v2
500 10 |a西遊記
606 __ |2cst|a繪本
681 __ |a857.47|b8376
700 _1 |a|b東旭|4編寫
702 _1 |a|b志明|4702 _1 |s|a|b承恩|f1510-1582|4原著
801 _0 |atw|b內湖高中|c20220129|gCCR
詳細館藏(共 1 筆)
索 書 號登 錄 號冊次號館別 / 館藏地流通類型狀態加入預約清單電子資源
857.47 / 8376 2020770  圖書館 / 一樓普通區 可外借30天 在館   

| 條列資料




目錄查詢 分類查詢 個人資料 圖書薦購 新書查詢 閉館日 排行榜 更多電子資源 Hami書城 線上資料庫 登出

From : 216.73.217.52

  本日流通累計至 22:47:53 借閱 : 0 次 續借 : 0 次 歸還 : 0 次 預約 : 0 次 電子資源 : 0 次


內湖高中圖書館  PCLIS 版本  26.5.0.12